[Event "POL-chT 2nd League"]
[Site "Lazy"]
[Date "2012.09.08"]
[Round "8"]
[White "Stepien, Marcin"]
[Black "Kornasiewicz, Stanislaw"]
[Result "1-0"]
[WhiteElo "2132"]
[BlackElo "2214"]
[PlyCount "61"]
[EventDate "2012.09.01"]
[EventType "team-swiss"]
[EventRounds "9"]
[EventCountry "POL"]
[SourceTitle "EXT 2019"]
[Source "ChessBase"]
[SourceDate "2018.10.10"]
[SourceVersion "1"]
[SourceVersionDate "2018.10.10"]
[SourceQuality "1"]
[WhiteTeam "Wisznia Mala OKSiR"]
[BlackTeam "Czerwionka Gornik 23"]
[WhiteTeamCountry "POL"]
[BlackTeamCountry "POL"]

1. Nc3 d6 2. d4 g6 3. e4 Bg7 4. Nf3 c6 5. a4 a5 6. Bc4 Nf6 7. Bb3 0-0 8. h3 Na6 9. 0-0 Nd7 10. Re1 h6 11. Be3 Kh7 12. e5 d5 13. Ne2 e6 14. c3 c5 15. Nf4 cxd4 16. Bxd4 Nac5 17. Bc2 Ne4 18. Rxe4 dxe4 19. Bxe4 Rg8 20. h4 Bxe5 21. Nxe5 Nxe5 22. Bxe5 Qxh4 23. Qd4 Rd8 24. Qe3 f5 25. Bf3 Qe7 26. Re1 Bd7 27. Bd4 Bxa4 28. Nd5 Rxd5 29. Bxd5 Re8 30. Bxe6 Bc6 31. Bg8+ 1-0

[Event "POL-chT 2nd League"]
[Site "Lazy"]
[Date "2012.09.04"]
[Round "4"]
[White "Flis, Jacek"]
[Black "Kornasiewicz, Stanislaw"]
[Result "1-0"]
[WhiteElo "2256"]
[BlackElo "2214"]
[PlyCount "127"]
[EventDate "2012.09.01"]
[EventType "team-swiss"]
[EventRounds "9"]
[EventCountry "POL"]
[SourceTitle "EXT 2019"]
[Source "ChessBase"]
[SourceDate "2018.10.10"]
[SourceVersion "1"]
[SourceVersionDate "2018.10.10"]
[SourceQuality "1"]
[WhiteTeam "Czestochowa UKS Hetman"]
[BlackTeam "Czerwionka Gornik 23"]
[WhiteTeamCountry "POL"]
[BlackTeamCountry "POL"]

1. e4 e5 2. Bc4 Nf6 3. d3 Be7 4. Nf3 Nc6 5. 0-0 0-0 6. Re1 d6 7. c3 Na5 8. Bb5 a6 9. Ba4 b5 10. Bc2 c5 11. Nbd2 Nc6 12. Nf1 Qc7 13. Ne3 b4 14. Bb3 bxc3 15. bxc3 Rb8 16. Bd2 Na5 17. Bd5 Ng4 18. Qa4 Nxe3 19. Bxe3 Bd7 20. Qc2 Bc6 21. c4 Bd7 22. h3 Nc6 23. a3 Nd8 24. Rab1 Ne6 25. Bd2 h6 26. Rxb8 Rxb8 27. Rb1 Kh7 28. Bxe6 fxe6 29. Rb2 Bc6 30. Qb1 Rxb2 31. Qxb2 Qb7 32. Qxb7 Bxb7 33. Ba5 Kg6 34. Kf1 Kf7 35. Ke2 Ke8 36. g3 Kd7 37. h4 h5 38. Bd2 Bc6 39. Ne1 d5 40. Nf3 Bf6 41. Ke3 Kd6 42. Ba5 g6 43. Bb6 Ba4 44. Ba7 Bd1 45. Bb8+ Kc6 46. Nxe5+ Bxe5 47. Bxe5 Bb3 48. cxd5+ exd5 49. Bb2 dxe4 50. dxe4 Kd6 51. f3 Bd1 52. Kf4 Ke6 53. g4 a5 54. gxh5 gxh5 55. Ke3 a4 56. f4 Bg4 57. Bc3 Bd1 58. f5+ Kf7 59. Kf4 Be2 60. e5 c4 61. e6+ Ke7 62. Ke5 Bg4 63. f6+ Ke8 64. f7+ 1-0

[Event "POL-chT 2nd League"]
[Site "Ustron"]
[Date "2008.09.12"]
[Round "7.56"]
[White "Kornasiewicz, Stanislaw"]
[Black "Tokarski, Bartosz"]
[Result "1/2-1/2"]
[WhiteElo "2235"]
[BlackElo "2157"]
[PlyCount "100"]
[EventDate "2008.09.06"]
[EventType "team-swiss"]
[EventRounds "9"]
[EventCountry "POL"]
[SourceTitle "EXT 2015"]
[Source "ChessBase"]
[SourceDate "2014.11.20"]
[SourceVersion "1"]
[SourceVersionDate "2014.11.20"]
[SourceQuality "1"]
[WhiteTeam "Czerwionka Gornik 23"]
[BlackTeam "Jaworzno JKSz MCKiS"]
[WhiteTeamCountry "POL"]
[BlackTeamCountry "POL"]

1. e4 c5 2. Nc3 Nc6 3. g3 d6 4. Bg2 g6 5. d3 Bg7 6. f4 e6 7. Nf3 Nge7 8. 0-0 0-0 9. Be3 Nd4 10. Bf2 Rb8 11. Nxd4 cxd4 12. Ne2 e5 13. c3 dxc3 14. Nxc3 b6 15. d4 exf4 16. gxf4 Bb7 17. d5 f5 18. Bd4 Bxd4+ 19. Qxd4 fxe4 20. Bxe4 Nf5 21. Qd2 Qf6 22. Rad1 Rbe8 23. Rf2 Ba6 24. Bg2 Ne3 25. Ne4 Rxe4 26. Bxe4 Nxd1 27. Qxd1 Re8 28. Qa4 Bb5 29. Qb4 Bd7 30. Bf3 a5 31. Qd2 Bf5 32. Re2 Rxe2 33. Qxe2 Qd4+ 34. Kg2 Kf7 35. Kg3 h5 36. h4 Qg1+ 37. Bg2 Qd4 38. Bf3 Qg1+ 39. Bg2 Qd4 40. Bf3 Kf8 41. a3 Kf7 42. Qf2 Qxf2+ 43. Kxf2 Kf6 44. Ke3 Bd7 45. Bg2 Bg4 46. Be4 Bh3 47. Bd3 Bf5 48. Bf1 Bg4 49. Bd3 Bf5 50. Bf1 Bg4 1/2-1/2

[Event "POL-chT3 Slaskie"]
[Site "Poland"]
[Date "2008.05.10"]
[Round "8.12"]
[White "Kliemt, Grzegorz"]
[Black "Kornasiewicz, Stanislaw"]
[Result "0-1"]
[WhiteElo "2087"]
[BlackElo "2231"]
[PlyCount "96"]
[EventDate "2008.02.03"]
[EventType "team-swiss"]
[EventRounds "9"]
[EventCountry "POL"]
[SourceTitle "EXT 2019"]
[Source "ChessBase"]
[SourceDate "2018.10.10"]
[SourceVersion "1"]
[SourceVersionDate "2018.10.10"]
[SourceQuality "1"]

1. c4 f5 2. Nc3 Nf6 3. d3 e5 4. g3 c6 5. Bg2 Be7 6. Nf3 d6 7. 0-0 0-0 8. b4 Kh8 9. b5 Qe8 10. bxc6 Nxc6 11. Nd5 Nxd5 12. cxd5 Nd8 13. Nd2 Bd7 14. a4 Qh5 15. Nc4 f4 16. d4 Rc8 17. Bf3 Qg6 18. Nd2 Bf5 19. e4 fxe3 20. fxe3 exd4 21. e4 Bh3 22. Bg2 Rxf1+ 23. Qxf1 Bxg2 24. Kxg2 Nf7 25. Qb5 Rf8 26. Qd3 Bf6 27. Nf3 Ne5 28. Nxe5 Bxe5 29. Bb2 Qf6 30. Rf1 Qxf1+ 31. Qxf1 Rxf1 32. Kxf1 Kg8 33. Bc1 Kf7 34. Ke2 b6 35. Kd3 a6 36. Bd2 b5 37. axb5 axb5 38. Be1 h5 39. Bd2 Kf6 40. Bc1 g5 41. Bd2 g4 42. Be1 h4 43. Bf2 hxg3 44. hxg3 b4 45. Kc4 d3 46. Kxd3 b3 47. Be1 Ke7 48. Bf2 Kd7 0-1

[Event "POL-chT3 Liga Slaska"]
[Site "Poland"]
[Date "2007.01.28"]
[Round "2"]
[White "Lukaszek, Stanislaw"]
[Black "Kornasiewicz, Stanislaw"]
[Result "0-1"]
[WhiteElo "2088"]
[BlackElo "2204"]
[PlyCount "60"]
[EventDate "2007.01.28"]
[EventType "team-swiss"]
[EventRounds "9"]
[EventCountry "POL"]
[SourceTitle "EXT 2011"]
[Source "ChessBase"]
[SourceDate "2010.11.26"]
[SourceVersion "1"]
[SourceVersionDate "2010.11.26"]
[SourceQuality "1"]
[WhiteTeam "Szombierki TS"]
[BlackTeam "Czerwionka Gornik 23"]
[WhiteTeamCountry "POL"]
[BlackTeamCountry "POL"]

1. d4 f5 2. Nf3 Nf6 3. g3 e6 4. Bg2 d5 5. 0-0 Bd6 6. c4 c6 7. Bf4 Bxf4 8. gxf4 0-0 9. Nbd2 Ne4 10. Rc1 Nd7 11. e3 Kh8 12. Kh1 Ndf6 13. Ne5 Bd7 14. Ndf3 Be8 15. Qe2 Bh5 16. b4 a6 17. a4 Qe8 18. Qb2 dxc4 19. Rxc4 Nd5 20. Rcc1 Qe7 21. b5 cxb5 22. axb5 a5 23. Ng5 Nxg5 24. fxg5 f4 25. Bxd5 exd5 26. b6 a4 27. Rc7 a3 28. Qa2 Qe6 29. e4 Qh3 30. Kg1 f3 0-1

[Event "Brandenburg Seniors op 15th"]
[Site "Rowy"]
[Date "2006.06.26"]
[Round "7"]
[White "Krawcewicz, Lucyna"]
[Black "Kornasiewicz, Stanislaw"]
[Result "1/2-1/2"]
[WhiteElo "1915"]
[BlackElo "2232"]
[PlyCount "70"]
[EventDate "2006.06.19"]
[EventType "swiss"]
[EventRounds "9"]
[EventCountry "POL"]
[SourceTitle "EXT 2007"]
[Source "ChessBase"]
[SourceDate "2006.11.23"]
[SourceVersion "1"]
[SourceVersionDate "2006.11.23"]
[SourceQuality "1"]

1. d4 d5 2. Nf3 e6 3. c4 f5 4. Nc3 c6 5. e3 Nf6 6. Bd3 Bd6 7. 0-0 0-0 8. Qc2 Ne4 9. Ne5 Nd7 10. f4 Nxe5 11. fxe5 Be7 12. a3 Bd7 13. c5 Qe8 14. Bxe4 dxe4 15. Ne2 Kh8 16. Bd2 g5 17. g4 Qg6 18. Nc3 Rad8 19. Rad1 Bc8 20. Bc1 b6 21. cxb6 axb6 22. Qa4 b5 23. Qc2 Bb7 24. b4 Rd7 25. Rf2 Rdd8 26. Rdf1 Bc8 27. Ne2 Bd7 28. Ng3 h6 29. h3 Kh7 30. Qe2 Bc8 31. Qc2 Bd7 32. Kg2 Rc8 33. Kg1 Rcd8 34. Kg2 Rc8 35. Kg1 Rcd8 1/2-1/2

[Event "Brandenburg Seniors op 15th"]
[Site "Rowy"]
[Date "2006.06.21"]
[Round "3"]
[White "Kornasiewicz, Stanislaw"]
[Black "Scheide, Helmut"]
[Result "1/2-1/2"]
[WhiteElo "2232"]
[BlackElo "1903"]
[PlyCount "88"]
[EventDate "2006.06.19"]
[EventType "swiss"]
[EventRounds "9"]
[EventCountry "POL"]
[SourceTitle "EXT 2007"]
[Source "ChessBase"]
[SourceDate "2006.11.23"]
[SourceVersion "1"]
[SourceVersionDate "2006.11.23"]
[SourceQuality "1"]

1. e4 e5 2. Nf3 Nc6 3. Bb5 a6 4. Ba4 Nf6 5. d3 b5 6. Bb3 Be7 7. 0-0 0-0 8. h3 d6 9. c3 Na5 10. Bc2 c5 11. Re1 Qc7 12. Nbd2 Nc6 13. Nf1 d5 14. Qe2 dxe4 15. dxe4 Be6 16. Ne3 h6 17. Nh2 Rfd8 18. Nhg4 Nxg4 19. hxg4 Bg5 20. Nd5 Bxd5 21. Bxg5 hxg5 22. exd5 Ne7 23. Rad1 f6 24. Qe4 Rab8 25. g3 Rd6 26. Rd2 Rbd8 27. Red1 c4 28. Qh7+ Kf7 29. Be4 Qc8 30. Qh5+ Kg8 31. Qh3 Qc5 32. Qg2 Kf7 33. Qf3 Rh8 34. Kg2 Qc8 35. Bf5 Nxf5 36. gxf5 g6 37. fxg6+ Kxg6 38. Rh1 Rdd8 39. Rxh8 Rxh8 40. d6 Qh3+ 41. Kg1 g4 42. Qd5 Qh2+ 43. Kf1 Qh1+ 44. Qxh1 Rxh1+ 1/2-1/2

[Event "POL-chT 2nd League"]
[Site "Wysowa"]
[Date "2005.09.02"]
[Round "7.56"]
[White "Grochowalski, Pawel"]
[Black "Kornasiewicz, Stanislaw"]
[Result "1/2-1/2"]
[WhiteElo "2156"]
[BlackElo "2228"]
[PlyCount "28"]
[EventDate "2005.08.27"]
[EventType "team-swiss"]
[EventRounds "9"]
[EventCountry "POL"]
[SourceTitle "EXT 2019"]
[Source "ChessBase"]
[SourceDate "2018.10.10"]
[SourceVersion "1"]
[SourceVersionDate "2018.10.10"]
[SourceQuality "1"]
[WhiteTeam "Wloclawek Leszczynski"]
[BlackTeam "Czerwionka Gornik 23"]
[WhiteTeamCountry "POL"]
[BlackTeamCountry "POL"]

1. d4 d6 2. c4 g6 3. Nc3 Bg7 4. e4 Nc6 5. Be3 Nf6 6. f3 0-0 7. Nge2 a6 8. Nc1 e5 9. d5 Nd4 10. Nb3 Nxb3 11. axb3 Nh5 12. Qd2 Bd7 13. Bd3 f5 14. 0-0-0 b5 1/2-1/2

[Event "Rowy Jantar op"]
[Site "Rowy"]
[Date "2005.06.28"]
[Round "8"]
[White "Kornasiewicz, Stanislaw"]
[Black "Beckmann, Manfred"]
[Result "1-0"]
[WhiteElo "2227"]
[BlackElo "1872"]
[PlyCount "83"]
[EventDate "2005.06.20"]
[EventType "swiss"]
[EventRounds "9"]
[EventCountry "POL"]
[SourceTitle "EXT 2007"]
[Source "ChessBase"]
[SourceDate "2006.11.23"]
[SourceVersion "1"]
[SourceVersionDate "2006.11.23"]
[SourceQuality "1"]

1. e4 e6 2. d3 d5 3. Nd2 c5 4. Ngf3 Nc6 5. g3 Nf6 6. Bg2 Be7 7. 0-0 0-0 8. e5 Nd7 9. Re1 Qc7 10. Qe2 b6 11. Nf1 Bb7 12. h4 Nd4 13. Nxd4 cxd4 14. Bf4 Bb4 15. Red1 Rac8 16. Rac1 Be7 17. Nh2 b5 18. Ng4 Rfe8 19. h5 Bf8 20. Nh2 Qb6 21. Nf3 f6 22. Bh3 f5 23. g4 g6 24. Kh1 Be7 25. Rg1 Kf7 26. Bg5 Rg8 27. gxf5 gxf5 28. Bxf5 exf5 29. e6+ Qxe6 30. Qxe6+ Kxe6 31. Rge1+ Kd6 32. Bxe7+ Kc7 33. Bh4 Rg4 34. Rg1 Rcg8 35. Rxg4 Rxg4 36. Rg1 a6 37. Rxg4 fxg4 38. Nxd4 Kd6 39. b4 Ke5 40. c3 a5 41. Kg2 Nf6 42. Bg3# 1-0

[Event "Rowy Jantar op"]
[Site "Rowy"]
[Date "2005.06.22"]
[Round "3"]
[White "Dembowski, Andrzej"]
[Black "Kornasiewicz, Stanislaw"]
[Result "1-0"]
[WhiteElo "1984"]
[BlackElo "2227"]
[PlyCount "108"]
[EventDate "2005.06.20"]
[EventType "swiss"]
[EventRounds "9"]
[EventCountry "POL"]
[SourceTitle "EXT 2007"]
[Source "ChessBase"]
[SourceDate "2006.11.23"]
[SourceVersion "1"]
[SourceVersionDate "2006.11.23"]
[SourceQuality "1"]

1. Nf3 d6 2. g3 e5 3. d3 f5 4. Bg2 Nf6 5. c4 Be7 6. Nc3 0-0 7. Qc2 Nc6 8. a3 a5 9. Bg5 Kh8 10. Rb1 e4 11. dxe4 fxe4 12. Nd2 Bf5 13. e3 Ne5 14. 0-0 h6 15. Bxf6 Bxf6 16. Bxe4 Bh3 17. Bg2 Bxg2 18. Kxg2 Qe8 19. Nd5 Qc6 20. e4 Rae8 21. b3 Qd7 22. h3 c6 23. Nxf6 Rxf6 24. f4 Ng6 25. Rbd1 Qf7 26. Qd3 Qe7 27. Rfe1 Ref8 28. a4 Qc7 29. Qc3 b6 30. Qe3 Qb7 31. Kh2 b5 32. axb5 cxb5 33. Ra1 Ra8 34. Ra2 Rff8 35. Qd3 bxc4 36. Nxc4 Qb5 37. Rea1 Qb4 38. Rxa5 Rxa5 39. Rxa5 Qe1 40. Ra2 Qb4 41. Nxd6 h5 42. Nc4 h4 43. f5 hxg3+ 44. Qxg3 Ne7 45. Rg2 Rf7 46. Ne5 Kg8 47. Nxf7 Kxf7 48. Qxg7+ Ke8 49. Qe5 Kf8 50. f6 Ng6 51. Rxg6 Qd2+ 52. Rg2 Qd7 53. Qc5+ Kf7 54. Rg7+ Kxf6 1-0

[Event "POL-chT 2nd League"]
[Site "Polanica Zdroj"]
[Date "2004.09.10"]
[Round "9"]
[White "Lewandowski, Miroslaw"]
[Black "Kornasiewicz, Stanislaw"]
[Result "1-0"]
[WhiteElo "2232"]
[BlackElo "2265"]
[PlyCount "66"]
[EventDate "2004.09.04"]
[EventType "team-swiss"]
[EventRounds "11"]
[EventCountry "POL"]
[SourceTitle "CBM 102 Extra"]
[Source "ChessBase"]
[SourceDate "2004.11.03"]
[SourceVersion "1"]
[SourceVersionDate "2004.11.03"]
[SourceQuality "1"]
[WhiteTeam "Gdynia Korsarz"]
[BlackTeam "Czerwionka Gornik 23"]
[WhiteTeamCountry "POL"]
[BlackTeamCountry "POL"]

1. e4 e5 2. Nf3 Nc6 3. Bb5 a6 4. Bxc6 dxc6 5. 0-0 Qd6 6. d4 exd4 7. Nxd4 Bd7 8. Be3 0-0-0 9. Qe2 Qg6 10. f3 Bd6 11. Nd2 Ne7 12. Nc4 c5 13. Nb3 Bb5 14. Nxd6+ cxd6 15. c4 Bc6 16. a4 f5 17. e5 dxe5 18. Bxc5 Qf6 19. Qf2 Ng6 20. Bb6 Rde8 21. Nc5 Nf4 22. a5 Qg6 23. Kh1 e4 24. Ra3 exf3 25. gxf3 Re2 26. Qg3 Qxg3 27. hxg3 Nh5 28. Rb1 Nxg3+ 29. Kg1 Rc2 30. Rd3 Ne2+ 31. Kf1 Nc1 32. Rc3 Rxc3 33. bxc3 Na2 1-0

[Event "POL-chT 2nd League"]
[Site "Polanica Zdroj"]
[Date "2004.09.09"]
[Round "7"]
[White "Lercel, Michal"]
[Black "Kornasiewicz, Stanislaw"]
[Result "1/2-1/2"]
[WhiteElo "2199"]
[BlackElo "2265"]
[PlyCount "58"]
[EventDate "2004.09.04"]
[EventType "team-swiss"]
[EventRounds "11"]
[EventCountry "POL"]
[SourceTitle "CBM 102 Extra"]
[Source "ChessBase"]
[SourceDate "2004.11.03"]
[SourceVersion "1"]
[SourceVersionDate "2004.11.03"]
[SourceQuality "1"]
[WhiteTeam "Wroclaw AZS Politechnika"]
[BlackTeam "Czerwionka Gornik 23"]
[WhiteTeamCountry "POL"]
[BlackTeamCountry "POL"]

1. e4 d6 2. d4 Nf6 3. Nc3 g6 4. Nf3 Bg7 5. Be2 0-0 6. 0-0 c6 7. a4 a5 8. h3 Na6 9. Bg5 h6 10. Be3 Nb4 11. Qd2 Kh7 12. Rad1 Nd7 13. Nh2 Nb6 14. Qc1 Be6 15. Ng4 h5 16. Nh2 Bc4 17. b3 Na2 18. Nxa2 Bxe2 19. Rd2 Bxf1 20. Qxf1 Nd7 21. Nf3 Nf6 22. Nc3 Kg8 23. e5 Nh7 24. Ne4 d5 25. Nc5 b6 26. Nd3 Qc8 27. Nh2 Rd8 28. g4 Kh8 29. Bf4 h4 1/2-1/2

[Event "POL-chT 2nd League"]
[Site "Polanica Zdroj"]
[Date "2004.09.07"]
[Round "5"]
[White "Kornasiewicz, Stanislaw"]
[Black "Warszawski, Bartosz"]
[Result "1/2-1/2"]
[WhiteElo "2265"]
[BlackElo "2343"]
[PlyCount "62"]
[EventDate "2004.09.04"]
[EventType "team-swiss"]
[EventRounds "11"]
[EventCountry "POL"]
[SourceTitle "CBM 102 Extra"]
[Source "ChessBase"]
[SourceDate "2004.11.03"]
[SourceVersion "1"]
[SourceVersionDate "2004.11.03"]
[SourceQuality "1"]
[WhiteTeam "Czerwionka Gornik 23"]
[BlackTeam "Warszawa YMCA"]
[WhiteTeamCountry "POL"]
[BlackTeamCountry "POL"]

1. d4 d5 2. Nf3 e6 3. e3 f5 4. Be2 Nf6 5. 0-0 Bd6 6. b3 Qe7 7. c4 c6 8. Bb2 0-0 9. Nbd2 Nbd7 10. Ne5 Kh8 11. a3 g5 12. b4 Bc7 13. Rc1 Nxe5 14. dxe5 Ne4 15. f3 Nxd2 16. Qxd2 f4 17. Kh1 Qg7 18. cxd5 cxd5 19. Bd4 Bxe5 20. Qc3 Bxd4 21. exd4 Bd7 22. b5 Rfc8 23. Qb2 Be8 24. h3 Qd7 25. Bd3 Kg7 26. a4 b6 27. Qb4 Bg6 28. Bxg6 Kxg6 29. Qb1+ Kg7 30. Qb4 Kf6 31. Qe1 Qd6 1/2-1/2

[Event "POL-chT 2nd League"]
[Site "Polanica Zdroj"]
[Date "2004.09.06"]
[Round "4"]
[White "Kornasiewicz, Stanislaw"]
[Black "Szromba, Krzysztof"]
[Result "0-1"]
[WhiteElo "2265"]
[BlackElo "2193"]
[PlyCount "66"]
[EventDate "2004.09.04"]
[EventType "team-swiss"]
[EventRounds "11"]
[EventCountry "POL"]
[SourceTitle "CBM 102 Extra"]
[Source "ChessBase"]
[SourceDate "2004.11.03"]
[SourceVersion "1"]
[SourceVersionDate "2004.11.03"]
[SourceQuality "1"]
[WhiteTeam "Czerwionka Gornik 23"]
[BlackTeam "Krakow Korona"]
[WhiteTeamCountry "POL"]
[BlackTeamCountry "POL"]

1. e4 c5 2. Nc3 Nc6 3. f4 g6 4. Nf3 Bg7 5. Bc4 e6 6. d3 Nge7 7. 0-0 d5 8. Bb5 0-0 9. Bxc6 Nxc6 10. e5 Rb8 11. a4 a6 12. Qe1 b5 13. axb5 axb5 14. Qf2 Qe7 15. Kh1 b4 16. Ne2 f6 17. exf6 Bxf6 18. d4 Qg7 19. dxc5 Bxb2 20. Bxb2 Qxb2 21. Ned4 Nxd4 22. Qxd4 Qxc2 23. Qe5 Rb7 24. Rfc1 Qe4 25. Qxe4 dxe4 26. Ng5 b3 27. Re1 e3 28. Rxe3 b2 29. Rb1 Rxf4 30. Nf3 Rc4 31. Ree1 Rxc5 32. h3 e5 33. g4 Rb3 0-1

[Event "Brandenburg Seniors op 13th"]
[Site "Rowy"]
[Date "2004.06.22"]
[Round "2"]
[White "Zarow, Zdzislaw"]
[Black "Kornasiewicz, Stanislaw"]
[Result "1/2-1/2"]
[WhiteElo "1960"]
[BlackElo "2250"]
[PlyCount "49"]
[EventDate "2004.06.21"]
[EventType "swiss"]
[EventRounds "9"]
[EventCountry "POL"]
[SourceTitle "EXT 2006"]
[Source "ChessBase"]
[SourceDate "2005.11.24"]
[SourceVersion "1"]
[SourceVersionDate "2005.11.24"]
[SourceQuality "1"]

1. e4 d6 2. d4 Nf6 3. Nc3 g6 4. Nf3 Bg7 5. Be2 0-0 6. 0-0 c6 7. Re1 b5 8. a3 a6 9. h3 Qc7 10. Bg5 Nbd7 11. Qd2 c5 12. Bh6 b4 13. Bxg7 Kxg7 14. axb4 cxb4 15. Nd5 Nxd5 16. exd5 Nf6 17. Bd3 a5 18. Qg5 Re8 19. Nh4 Qb7 20. c4 bxc3 21. bxc3 h6 22. Qg3 g5 23. Rab1 Qc7 24. Bc2 Kf8 25. Nf5 1/2-1/2

[Event "Rowy Seniors op 7th"]
[Site "Rowy"]
[Date "2003.09.07"]
[Round "8"]
[White "Kornasiewicz, Stanislaw"]
[Black "Johannsen, Ingbert"]
[Result "0-1"]
[WhiteElo "2252"]
[BlackElo "2091"]
[PlyCount "76"]
[EventDate "2003.08.??"]
[EventType "swiss"]
[EventRounds "9"]
[EventCountry "POL"]
[SourceTitle "EXT 2006"]
[Source "ChessBase"]
[SourceDate "2005.11.24"]
[SourceVersion "1"]
[SourceVersionDate "2005.11.24"]
[SourceQuality "1"]

1. e4 e5 2. Nf3 Nc6 3. Bb5 a6 4. Ba4 Nf6 5. d3 b5 6. Bb3 Be7 7. 0-0 0-0 8. c3 d5 9. Qe2 Bg4 10. h3 dxe4 11. hxg4 exf3 12. Qxf3 e4 13. dxe4 Ne5 14. Qe2 Nfxg4 15. g3 Bc5 16. Kg2 Qd3 17. Qxd3 Nxd3 18. f3 Be3 19. Na3 Bxc1 20. fxg4 Bxb2 21. Rad1 Ne5 22. Nb1 Rad8 23. Kh3 a5 24. Rf2 Rxd1 25. Bxd1 Bc1 26. Rc2 Bg5 27. Be2 c6 28. a4 bxa4 29. Rb2 Be7 30. Ra2 Rb8 31. Ra1 Rb2 32. Bd1 g5 33. c4 Bc5 34. Nc3 a3 35. Na4 Bd4 36. Rxa3 Rd2 37. Bf3 Nxf3 38. Rxf3 Bg1 0-1